| 000 | 00726nam a2200205 a 4500 | ||
|---|---|---|---|
| 005 | 20210223124209.0 | ||
| 008 | 010619s1992 es r 000 0 spa d | ||
| 020 | _a8420698393 (Obra completa) | ||
| 035 | _aUPN01000108599 | ||
| 049 | _aCG | ||
| 050 | 4 |
_aPQ7082 _bA6.7 |
|
| 245 | 1 | 0 |
_aAntología crítica del cuento hispanoamericano del siglo XX / _cselec. José Miguel Oviedo. |
| 260 |
_aMadrid : _bAlianza, _c1992. |
||
| 300 | _a2 v. | ||
| 440 | 3 |
_aEl libro de bolsillo. _pLiteratura ; _v1585-1586 |
|
| 505 | 8 |
_aContenido: _gv.1. _tFundadores innovadores -- _gv.2. _tLa gran síntesis y después |
|
| 650 | 4 |
_aCUENTOS HISPANOAMERICANOS - _xHISTORIA Y CRITICA _97890 |
|
| 700 | 1 |
_aOviedo, José Miguel, _ecomp. |
|
| 905 | _aLibro | ||
| 999 |
_c82511 _d82511 |
||